(Record no. 188452)

MARC details
000 -LEADER
fixed length control field 00447nam a2200145Ia 4500
041 ## - LANGUAGE CODE
Language code of text/sound track or separate title Arabic
082 ## - DEWEY DECIMAL CLASSIFICATION NUMBER
Classification number 306,09567 cut-294 ج
100 ## - MAIN ENTRY--PERSONAL NAME
Personal name 20260118u\\\\\\\\\\\y0engy0103\\\\ba
Personal name د.شفيق ابراهيم الجبوري
245 #0 - TITLE STATEMENT
Title واقع المجتمع العراقي دراسة سوسيولوجية
250 ## - EDITION STATEMENT
Edition statement ط1
260 ## - PUBLICATION, DISTRIBUTION, ETC. (IMPRINT)
Name of publisher, distributor, etc منتدى المعارف
Place of publication, distribution, etc بيروت - لبنان
Date of publication, distribution, etc 2020
300 ## - PHYSICAL DESCRIPTION
Extent 216
942 ## - ADDED ENTRY ELEMENTS (KOHA)
Koha item type Books
Holdings
Withdrawn status Lost status Damaged status Not for loan Collection code Home library Current library Shelving location Date acquired Total Checkouts Full call number Barcode Date last seen Copy number Price effective from Koha item type
          Koya University Central Library Koya University Central Library Books 18/01/2026   306,09567 cut-294 ج 0000092737 18/01/2026 1 18/01/2026 Books